000 013140000a22002890004500
003 EG-GICUC
005 20250223025252.0
008 080514s2003 ua f m 000 0 ara d
040 _aEG-GICUC
_bara
_cEG-GICUC
041 0 _aAra
049 _aاهداء
097 _aماجستير
099 _aCai01.05.01.M.Sc.2003.مح.ت
100 0 _aمحمد محمد الجمال
245 1 0 _aتاثير البيئة التسويقية على الصناعات الصغيرة بمحافظات القناة /
_cمحمد محمد الجمال ؛ اشراف محمد محمد ابراهيم : طاهر مرسى عطية : فتحية حسن هريدى
246 1 5 _aThe effect of marketing environment on small industries in the canal governorates
260 _aبورسعيد :
_bمحمد محمد الجمال :
_c2003
300 _a191ص ؛
_c25سم
502 _aاطروحة (ماجستير) - جامعة قناة السويس - كلية التجارة ببورسعيد - قسم ادارة الاعمال
700 0 _aطاهر مرسى عطية :
_eمشرف
700 0 _aفتحية حسن هريدى :
_eمشرف
700 0 _aمحمد محمد ابراهيم :
_eمشرف
856 _uhttp://172.23.153.220/th.pdf
905 _aMustafa
_eRevisor
905 _aSamia
_eCataloger
942 _2ddc
_cTH
999 _c9317
_d9317